Statistiques concernant Participants de Wanted (saison 1-2)

Cliquez ici pour prendre le quiz!

Statistiques générales

  • Ce quiz a été pris 9 fois
  • Le résultat moyen est 21 sur 28

Statistiques - réponses

Saison d'apparitionJoueur% Correct
Saison 1aypierre
100%
Saison 1Le_Farfadet
100%
Saison 1MisterDaweed
100%
Saison 1mrZorgash
100%
Saison 2Newtiteuf
100%
Saison 1agentgb
83%
Saison 1Aishy
83%
Saison 1_Darkheaven_
83%
Saison 1EpeeForte
83%
Saison 1Frigiel
83%
Saison 1October21
83%
Saison 2tomlauad9
83%
Saison 2Unsterblicher
83%
Saison 1Aurelien_Sama
67%
Saison 2Flaming_Talisker
67%
Saison 1FuzeIII
67%
Saison 1Loupio66
67%
Saison 1MC_Ika
67%
Saison 2nifex8
67%
Saison 2PixelReveur
67%
Saison 1shoupy22
67%
Saison 1Starvet
67%
Saison 1Wotan83
67%
Saison 2Demetry0
50%
Saison 1Desmeo
50%
Saison 2DJMARS19
50%
Saison 1MrMLDEG
50%
Saison 1WerKvZ
50%

Distribution des résultats

Percentile par nombre de réponses

% des personnes avec chaque résultat

Votre développement - résultats

Vous n’avez pas pris ce quiz